Immobilienblase in Europa? diplomová práca

Uložené v:
Podrobná bibliografia
Hlavný autor: Kollárová, Mária
Korporácia: Ekonomická univerzita v Bratislave. Fakulta hospodárskej informatiky, Martin-Luther-Universität Halle-Wittenberg
Ďalší autori: Sobek, Otto
Médium: Kniha
Jazyk:German
Vydavateľské údaje: Bratislava 2017
Tagy: Pridať tag
Žiadne tagy, Buďte prvý, kto otaguje tento záznam!

MARC

LEADER 00000nbm a2200000 4500
001 0239923
005 20240918085744.8
041 0 |a ger 
044 |a SK 
245 1 0 |a Immobilienblase in Europa?  |b diplomová práca  |c Mária Kollárová ; školiteľ: Otto Sobek 
264 1 |a Bratislava  |c 2017 
300 |a 60 s. 
100 1 |a Kollárová, Mária 
700 1 |a Sobek, Otto 
710 2 |a Ekonomická univerzita v Bratislave. Fakulta hospodárskej informatiky 
710 2 |a Martin-Luther-Universität Halle-Wittenberg